Quizzes
Events
Quiz Creation
Community
Videos
Private Events
Remove Ads
Sign In
Join for FREE
Feedback
Dark Mode
Quiz Categories
Sports
Geography
Music
Movies
Television
Just For Fun
Miscellaneous
History
Literature
Language
Science
Gaming
Entertainment
Religion
Holiday
For Kids
Quiz Lab
Recent
Popular Today
Quiz Kudos Today
Editor Picks
Curator Picks
Quizzes by...
Day
Popularity
Type
Ratings
Length
Year
Community
Subscriptions
Recent Discussions
Orange Saloon
Badges
Playlists
Quests
Create
Leaderboards
Showdown
Live 5
Trivia Bingo
Activity
Puzzle Library
Sporcle Events
Private Events
Virtual Trivia
Globe League
Become a Host
Pub Owners
SporcleCon
Opinionation
Our Games
Videos
Blog
Mobile Apps
Partnerships
Remove Ads and Go Orange
Feedback
Sports
Athletes
MLB
NBA
NHL
NFL
Soccer
Sports Teams
WWE
NCAA
Football
Premier League
Basketball
Baseball
Hockey
Golf
Tennis
Cricket
Rugby
Auto Racing
Olympics
World Cup
Sports
Athletes
MLB
NBA
NHL
NFL
Soccer
Sports Teams
WWE
NCAA
Football
Premier League
Basketball
Baseball
Hockey
Golf
Tennis
Cricket
Rugby
Auto Racing
Olympics
World Cup
Random Quiz
Search Sporcle
×
Quiz Lab
Quiz Lab
Sports
Baseball
Type in answers that appear in a list
Type in answers that appear in a list
Classic
Best Score? Go Orange.
Monument park Stats
Can you name the people honored in monument park?
By
gustavpolo
3m
38 Questions
126 Plays
126 Plays
126 Plays
Comments
Comments
Give Quiz Kudos
Give Quiz Kudos
-
- Ratings
hide this ad
Replay
Link that replays current quiz
Next Quiz
Link to next quiz in quiz playlist
You Got
0%
They Got
Avg Score
61%
Avg Friend Score
Upgrade to see
Score Distribution
Jump to the score distribution portion of the page
Score
0/38
Timer
03:00
0
Plays Today
level of honor
honoree
% Correct
Monument
Babe Ruth
99.2%
Monument
Lou Gehrig
98.4%
Monument
Mickey Mantle
97.6%
Retired Number
Derek Jeter
95.7%
Monument
Joe DiMaggio
94.4%
Retired Number
Yogi Berra
94.4%
Retired Number
Roger Maris
92.9%
Retired Number
Jorge Posada
91.3%
Retired Number
Reggie Jackson
88.1%
Retired Number
Mariano Rivera
87.1%
Retired Number
Andy Pettitte
87%
Retired Number
Bernie Williams
87%
Retired Number
Whitey Ford
84.9%
Retired Number
Joe Torre
84.8%
Retired Number
Billy Martin
84.1%
Retired Number
Thurman Munson
83.3%
Retired Number
Don Mattingly
83.3%
Retired Number
Ron Guidry
81.7%
Retired Number
Bill Dickey
80.2%
level of honor
honoree
% Correct
Retired Number
Phil Rizzuto
80.2%
Retired Number
Casey Stengel
78.6%
Retired Number
Jackie Robinson
76.2%
Plaque
Paul O'Neill
76.1%
Retired Number
Elston Howard
75.4%
Monument
Miller Huggins
68.3%
Plaque
Willie Randolph
67.4%
Monument
George Steinbrenner
60.3%
Plaque
Lefty Gomez
58.7%
Plaque
Tino Martinez
58.7%
Plaque
Goose Gossage
56.5%
Plaque
Bob Sheppard
56.3%
Plaque
Red Ruffing
54.8%
Plaque
Joe McCarthy
52.4%
Plaque
Mel Allen
52.4%
Plaque
Mel Stottlemyre
50%
Plaque
Allie Reynolds
41.3%
Plaque
Jacob Ruppert
35.7%
Plaque
Ed Barrow
34.1%
Quiz Playlist
Details
Report
Send in Message
Add To Playlist
Classic:
Type in answers that appear in a list
Last Updated: Jun 12, 2017
Quiz Scoreboard
CHALLENGE
Sign Up to Join the Scoreboard
Show All
Scores
Hide
Comments
May contain spoilers
Recently Published
College Basketball Coaching Resumes
by pancakes188
Sports
9m
Billboard Blitz: Fleetwood Mac
by CooCooCachoo
Music
15s
Presidents Visiting Landmarks
by Hejman
History
7m
More to Explore
Quiz From the Vault
Featured Blog Post
Where Did the Easter Bunny Come From?
hide this ad
You Might Also Like...
Tags
Baseball Quiz
MLB Quiz
honor
honored
honoree
Level
monument
New York Yankees
park
Retired Numbers
Today's Top Quizzes in Sports
Browse Sports
hide this ad
Today's Top Quizzes in Baseball
Browse Baseball
Top Contributed Quizzes in Sports
1
2022 World Cup Stars
2
Les meilleurs buteurs des matchs entre le PSG et l’OM
3
FIFA Club World Cup Champions
4
Les entraîneurs de l'OM et du PSG au 21e siècle
5
Criteria MLB: Left Handed Sluggers
6
AFC Teams Reveal (Wrong Answers Minefield)
7
2023 MLB Unique Player Accomplishments
8
Players with Multiple 50 Home Run Seasons
9
5-to-1: FBS Animal Nicknames
10
5-to-1: UK Sports Teams
Explore More
Trending Topics
Kpop
Crossword
NBA
Disney
Anime
Harry Potter
Marvel
Pokémon
WWE
Song
Country
The Office
Puzzle
NFL
Soccer
hide this ad
More By:
gustavpolo
Quiz
Plays
Rating
Category
Featured
Created
Word Pyramids II
83,559
3.75
Language
Jan 26, 2011
Disney Song Oscar Nominees
21,878
4.58
Movies
Dec 7, 2015
Periodic Table of S.P.O.R.C.L.E.
17,839
4.57
Science
Mar 11, 2011
MLB HOF last names
3,128
4.05
Sports
Jul 29, 2010
Pixar Best Original Song Nominees
1,081
5.00
Movies
Jun 22, 2016
Go to Creator's Profile
Score Distribution
Quiz Creator Spotlight
gustavpolo
Follow
Send a Message
Quizzes Created
-
Created Quiz Play Count
-
More By This Creator
Popular Quizzes Today
1
Find the US States - No Outlines Minefield
2
Find the Countries of Europe - No Outlines Minefield
3
The Countries of the World
4
Find the US States
5
Risky Map Clicking: Biggest States A-Z
6
US States
7
Popular People in 1961
8
Movies - When Are They Set?
More Sports Quizzes
2018 NCAA Tournament Teams
Quiz Lab
Trending Quizzes
Risky Map Clicking: Least Populous States A-Z
1-10 Letter G Words
1-10 Letter F Words
Risky Map Clicking: Next State Alphabetically
Risky Map Clicking: Biggest States A-Z
Recently Updated
Leaping Animals
pecheneg
Reality TV Shows (A-Z)
bhenderson79
Rickey Henderson's Hall of Fame Teammates
pecheneg
Champions League XIs: Arsenal
pecheneg
Quick Pick: Celebrities in WWE's Hall of Fame
aduchscher
A-Z Keypad Blitz II
pecheneg
Multiple Oscar Actors
pecheneg
Mystery Phrase Blitz: Oscar 'Best Actors'
pecheneg
F. Scott Fitzgerald Novels
LTH
Pick 3 Villains
ddd62291
Trending Topics
Crossword
Harry Potter
Anime
Disney
Kpop
Marvel
NBA
Soccer
Song
NFL
Pokémon
Puzzle
WWE
The Office
Country
Your Account Isn't Verified!
In order to create a playlist on Sporcle, you need to verify the email address you used during registration. Go to your
Sporcle Settings
to finish the process.
Report this User
Report this user for behavior that violates our
Community Guidelines
.
Details:
Send Report
Go to the Sporcle.com Mobile Site →
Comments